|
|
|
|
| LEADER |
00000nam0a2200000 4500 |
| 001 |
316379 |
| 005 |
20231102002853.0 |
| 035 |
|
|
|a (RuTPU)RU\TPU\book\341817
|
| 090 |
|
|
|a 316379
|
| 100 |
|
|
|a 20160318d1962 km y0rusy50 ca
|
| 101 |
0 |
|
|a rus
|
| 102 |
|
|
|a RU
|
| 105 |
|
|
|a a z 001zy
|
| 200 |
1 |
|
|a Магнитные измерения в ускорителях заряженных частиц
|f Л. Л. Гольдин, С. В. Скачков, К. Н. Шорин
|
| 210 |
|
|
|a Москва
|c Госатомиздат
|d 1962
|
| 215 |
|
|
|a 56 с.
|c черт.
|
| 320 |
|
|
|a Библиогр.: с. 53-54
|
| 606 |
1 |
|
|a Ускорители заряженных частиц
|2 stltpush
|3 (RuTPU)RU\TPU\subj\74441
|9 86712
|
| 610 |
1 |
|
|a магнитные измерения
|
| 610 |
1 |
|
|a магнитное поле
|
| 610 |
1 |
|
|a заряженные частицы
|
| 610 |
1 |
|
|a движение
|
| 610 |
1 |
|
|a допуски
|
| 610 |
1 |
|
|a индукционные катушки
|
| 610 |
1 |
|
|a абсолютные измерения
|
| 610 |
1 |
|
|a относительные измерения
|
| 610 |
1 |
|
|a датчики
|
| 675 |
|
|
|a 621.384.6
|v 4
|
| 700 |
|
1 |
|a Гольдин
|b Л. Л.
|
| 701 |
|
1 |
|a Скачков
|b С. В.
|
| 701 |
|
1 |
|a Шорин
|b К. Н.
|
| 801 |
|
1 |
|a RU
|b 63413507
|c 20160318
|
| 801 |
|
2 |
|a RU
|b 63413507
|c 20171026
|g RCR
|
| 942 |
|
|
|c BK
|